Evaluación de un sistema multiespecie con base de maíz, dos leguminosas y una gramínea forrajera , en condiciones de riego en Tzucacab, Yucatán / (Record no. 220066)
[ view plain ]
| 000 -CABECERA | |
|---|---|
| campo de control de longitud fija | 03991nam a2200373 a 4500 |
| 003 - IDENTIFICADOR DEL NÚMERO DE CONTROL | |
| campo de control | OSt |
| 005 - FECHA Y HORA DE LA ÚLTIMA TRANSACCIÓN | |
| campo de control | 20250703122139.0 |
| 007 - CAMPO FIJO DE DESCRIPCIÓN FÍSICA--INFORMACIÓN GENERAL | |
| campo de control de longitud fija | cr ||||||a|c|a |
| 008 - DATOS DE LONGITUD FIJA--INFORMACIÓN GENERAL | |
| campo de control de longitud fija | 240808s2023 mx a|||fom||| 001 0 s |d |
| 040 ## - FUENTE DE LA CATALOGACIÓN | |
| Normas de descripción | rda |
| 100 1# - ENTRADA PRINCIPAL--NOMBRE DE PERSONA | |
| Nombre de persona | Chávez Rodríguez, Lizbeth Anahí |
| 9 (RLIN) | 189388 |
| 245 10 - MENCIÓN DE TÍTULO | |
| Título | Evaluación de un sistema multiespecie con base de maíz, dos leguminosas y una gramínea forrajera , en condiciones de riego en Tzucacab, Yucatán / |
| Mención de responsabilidad, etc. | por Lizbeth Anahí Chávez Rodríguez y Oliver Jairo Juárez Beltrán; director de tesis Jorge Luis Castrellon Montelongo; secretario Mario Alberto Santiago Ortega; vocal Bartolo de Jesús Villar Hernández; suplente Joel Ventura Ríos; suplente Citlali Anais Castro Jaime. |
| 264 #1 - PRODUCCIÓN, PUBLICACIÓN, DISTRIBUCIÓN, FABRICACIÓN Y COPYRIGHT | |
| Producción, publicación, distribución, fabricación y copyright | Chapingo, México : |
| Nombre del de productor, editor, distribuidor, fabricante | El autor, |
| Fecha de producción, publicación, distribución, fabricación o copyright | 2023. |
| 300 ## - DESCRIPCIÓN FÍSICA | |
| Extensión | 1 recurso en línea (89 páginas): |
| Otras características físicas | cuadros, figuras. |
| 336 ## - TIPO DE CONTENIDO | |
| Fuente | rdacontent |
| Término de tipo de contenido | texto |
| Código de tipo de contenido | txt |
| 337 ## - TIPO DE MEDIO | |
| Fuente | rdamedia |
| Nombre/término del tipo de medio | computadora |
| Código del tipo de medio | c |
| 338 ## - TIPO DE SOPORTE | |
| Fuente | rdacarrier |
| Nombre/término del tipo de soporte | recurso en línea |
| Código del tipo de soporte | cr |
| 502 ## - NOTA DE TESIS | |
| Tipo de título | Ingeniero Agrónomo Especialista en Zootecnia |
| Nombre de la institución que otorga el título | Departamento de Enseñanza, Investigación y Servicio en Zootecnia, |
| Año de obtención del título | 2023. |
| Información miscelánea | Licenciatura |
| 504 ## - NOTA DE BIBLIOGRAFÍA, ETC. | |
| Nota de bibliografía, etc. | Incluye referencias bibliográficas: páginas 70-85. |
| 520 ## - SUMARIO, ETC. | |
| Sumario, etc. | El objetivo de este trabajo fue evaluar el rendimiento de forraje de asociaciones de dos leguminosas y una gramínea con un cultivo de maíz sembrado a diferentes distancias entre surcos en condiciones de riego en Tzucacab, Yucatán. Los<br/>tratamientos fueron: tratamiento 1: maíz (híbrido VS536) + clitoria var. Tehuana + pasto mavuno en V5; distancia entre surcos de 80 cm. Tratamiento 2: maíz (híbrido VS536) + pasto mavuno en V5 + canavalia en V5; distancia entre surcos de 80 cm. Tratamiento 3: maíz (híbrido VS536) + clitoria var. Tehuana + pasto mavuno en V5; distancia entre surcos de 60 cm. Tratamiento 4: maíz (híbrido VS536) + pasto mavuno en V5 + canavalia en V5; distancia entre surcos de 60 cm. Testigo: Solo maíz (híbrido VS536); distancia entre surcos de 80 cm. El muestreo se realizó cada quince días, evaluando altura, número de hojas y longitud de la guía en las leguminosas. Los datos se analizaron con el programa R con un modelo lineal tipo GAMLSS. La distancia entre surcos a 80 cm fue diferente (P<0.05) para la asociación de clitoria en la altura y longitud de guía. El número de hojas y altura en el cultivo de maíz mostró diferencia (P<0.05) entre tratamientos. El pasto mavuno mostró diferencia estadística (P<0.05) en la variable altura. La planta de canavalia no mostró diferencia (P>0.05) entre tratamientos para todas las variables evaluadas. El rendimiento de forraje fue mayor en los tratamientos cuya distancia entre surcos de maíz era de 60 cm debido a una mayor densidad de población, aunque el peso seco final de estas plantas fue menor comparado con las de 80 cm entre surcos. Se concluye que la distancia entre surcos de maíz de los tratamientos modificó la producción de materia seca de las especies vegetales asociadas durante su desarrollo y crecimiento. Continuar con el empleo de asociaciones entre gramíneas y leguminosas permitirá avanzar en el estudio con miras a la creación de una estrategia que permita el aprovechamiento y completo desarrollo de acuerdo con el potencial genético de los cultivos.<br/> |
| 650 #4 - PUNTO DE ACCESO ADICIONAL DE MATERIA--TÉRMINO DE MATERIA | |
| Término de materia o nombre geográfico como elemento de entrada | Forrajes |
| Subdivisión general | Rendimiento |
| 9 (RLIN) | 42593 |
| 650 #4 - PUNTO DE ACCESO ADICIONAL DE MATERIA--TÉRMINO DE MATERIA | |
| Término de materia o nombre geográfico como elemento de entrada | Gramíneas forrajeras |
| 9 (RLIN) | 139552 |
| 650 #4 - PUNTO DE ACCESO ADICIONAL DE MATERIA--TÉRMINO DE MATERIA | |
| Término de materia o nombre geográfico como elemento de entrada | Leguminosas forrajeras |
| 9 (RLIN) | 65868 |
| 650 #4 - PUNTO DE ACCESO ADICIONAL DE MATERIA--TÉRMINO DE MATERIA | |
| Término de materia o nombre geográfico como elemento de entrada | Materia seca |
| 9 (RLIN) | 72933 |
| 650 #4 - PUNTO DE ACCESO ADICIONAL DE MATERIA--TÉRMINO DE MATERIA | |
| Término de materia o nombre geográfico como elemento de entrada | Cultivos asociados |
| Subdivisión general | Rendimiento |
| 9 (RLIN) | 185443 |
| 700 1# - PUNTO DE ACCESO ADICIONAL--NOMBRE DE PERSONA | |
| Nombre de persona | Juárez Beltrán, Oliver Jairo |
| 9 (RLIN) | 189389 |
| 700 0# - PUNTO DE ACCESO ADICIONAL--NOMBRE DE PERSONA | |
| Nombre de persona | Castrellón Montelongo, Jorge Luis |
| Término indicativo de función/relación | Director de tesis. |
| 9 (RLIN) | 20309 |
| 700 1# - PUNTO DE ACCESO ADICIONAL--NOMBRE DE PERSONA | |
| Nombre de persona | Santiago Ortega, Mario Alberto |
| 9 (RLIN) | 102377 |
| Término indicativo de función/relación | Secretario. |
| 700 1# - PUNTO DE ACCESO ADICIONAL--NOMBRE DE PERSONA | |
| Nombre de persona | Villar Hernández, Bartolo de Jesús |
| 9 (RLIN) | 119536 |
| Término indicativo de función/relación | Vocal. |
| 700 1# - PUNTO DE ACCESO ADICIONAL--NOMBRE DE PERSONA | |
| Nombre de persona | Ventura Rios, Joel |
| 9 (RLIN) | 118748 |
| Término indicativo de función/relación | Suplente. |
| 700 1# - PUNTO DE ACCESO ADICIONAL--NOMBRE DE PERSONA | |
| Nombre de persona | Castro Jaime, Citlali Anais |
| 9 (RLIN) | 188843 |
| Término indicativo de función/relación | Suplente. |
| 856 ## - LOCALIZACIÓN Y ACCESO ELECTRÓNICOS | |
| Identificador Uniforme del Recurso | http://10.13.5.2/tesis/tl/1510414-5_Y_1511258-6_CHAVEZ_RODRIGUEZ_LIZBETHANAHI_Y_JUAREZ_BELTRAN_OLIVERJAIRO.pdf |
| Nota pública | DESCARGAR PDF |
| 942 ## - ELEMENTOS DE PUNTO DE ACCESO ADICIONAL (KOHA) | |
| Fuente del sistema de clasificación o colocación | Clasificación Universidad Autónoma Chapingo |
| Tipo de ítem Koha | Tesis digital |
| Estado de retiro | Estado de pérdida | Fuente del sistema de clasificación o colocación | Estado dañado | Restricciones de uso | No para préstamo | Código de colección | Localización permanente | Ubicación/localización actual | Ubicación en estantería | Fecha de adquisición | Total de préstamos | Signatura topográfica completa | Fecha visto por última vez | Precio válido a partir de | Tipo de ítem Koha |
|---|---|---|---|---|---|---|---|---|---|---|---|---|---|---|---|
| Clasificación Universidad Autónoma de Chapingo | Préstamo interno | Tesis digitales de Licenciatura | Biblioteca Digital | Biblioteca Digital | En línea | 08/08/2024 | Tesis digital | 08/08/2024 | 08/08/2024 | Tesis digital |
